<?xml version="1.0" encoding="UTF-8"?>
<record
    xmlns:xsi="http://www.w3.org/2001/XMLSchema-instance"
    xsi:schemaLocation="http://www.loc.gov/MARC21/slim http://www.loc.gov/standards/marcxml/schema/MARC21slim.xsd"
    xmlns="http://www.loc.gov/MARC21/slim">

  <leader>00323nam a22001097a 4500</leader>
  <datafield tag="040" ind1=" " ind2=" ">
    <subfield code="c">SK</subfield>
  </datafield>
  <datafield tag="082" ind1=" " ind2=" ">
    <subfield code="a">571</subfield>
  </datafield>
  <datafield tag="100" ind1=" " ind2=" ">
    <subfield code="a">ROBERT MARTIN</subfield>
  </datafield>
  <datafield tag="245" ind1=" " ind2=" ">
    <subfield code="a">&#x179A;&#x17BB;&#x1780;&#x17D2;&#x1781;&#x1787;&#x17B6;&#x178F;&#x17B7;&#x1785;&#x1784;&#x17D2;&#x179A;&#x17C3;&#x1793;&#x17C3;&#x178A;&#x17C6;&#x178E;&#x17B6;&#x17C6;&#x1785;&#x17C6;&#x1780;&#x17B6;&#x179A;&#x1780;&#x17D2;&#x1793;&#x17BB;&#x1784;&#x1794;&#x17D2;&#x179A;&#x1791;&#x17C1;&#x179F;&#x1780;&#x1798;&#x17D2;&#x1796;&#x17BB;&#x1787;&#x17B6;</subfield>
  </datafield>
  <datafield tag="260" ind1=" " ind2=" ">
    <subfield code="a">ACIAR</subfield>
    <subfield code="b">ROB</subfield>
    <subfield code="c">2009</subfield>
  </datafield>
  <datafield tag="942" ind1=" " ind2=" ">
    <subfield code="c">KB</subfield>
  </datafield>
  <datafield tag="999" ind1=" " ind2=" ">
    <subfield code="c">9544</subfield>
    <subfield code="d">9544</subfield>
  </datafield>
</record>
